[Event "34th European Club Cup 2018"]
[Site "Halkidiki"]
[Date "2018.10.14"]
[Round "3"]
[White "Alekseenko, Kirill"]
[Black "Lemmers, Oscar"]
[Result "1/2-1/2"]
[WhiteElo "2639"]
[BlackElo "2327"]
[Annotator "TA"]
[PlyCount "97"]
[EventDate "2018.10.12"]
[EventType "team-tourn"]
[EventCountry "GRE"]
[SourceTitle "playchess.com"]
[Source "ChessBase"]
[SourceQuality "1"]
[WhiteTeam "St.Petersburg"]
[BlackTeam "KGSRL"]

1. d4 d5 2. c4 c6 3. Nf3 Nf6 4. Nc3 dxc4 5. a4 Bf5 6. Ne5 Nbd7 7. Nxc4 Nb6 8. Ne5 a5 9. h4 e6 10. f3 h6 11. e4 Bh7 12. Be3 Nfd7 13. Nd3 Be7 14. Bf2 O-O 15. g4 Qc7 16. g5 h5 17. Qb3 c5 18. Nb5 Qc6 19. dxc5 Nxc5 20. Nxc5 Bxc5 21. Bd3 Bxf2+ 22. Kxf2 Nd7 23. Be2 Nc5 24. Qe3 b6 25. Rhd1 Rad8 26. Rxd8 Rxd8 27. Qf4 Bg6 28. Nc3 Kh7 29. Bb5 Nd3+ 30. Bxd3 Rxd3 31. Re1 Qc5+ 32. Kg2 Qd4 33. Re2 f6 34. gxf6 Qxf6 35. Kg3 Qd4 36. Rg2 Qf6 37. Qxf6 gxf6 38. e5 fxe5 39. Re2 e4 40. Nxe4 Bxe4 41. Rxe4 Rb3 42. Rxe6 Rxb2 43. Kf4 Rb3 44. Rf6 Rb4+ 45. Kg5 Rxa4 46. Rxb6 Rb4 47. Ra6 Rb5+ 48. Kf6 Rb4 49. Rxa5 1/2-1/2

[Event "34th European Club Cup 2018"]
[Site "Halkidiki"]
[Date "2018.10.14"]
[Round "3"]
[White "Durarbayli, Vasif"]
[Black "Gunnarsson, Arnar"]
[Result "1-0"]
[WhiteElo "2629"]
[BlackElo "2428"]
[Annotator "TA"]
[PlyCount "61"]
[EventDate "2018.10.12"]
[EventType "team-tourn"]
[EventCountry "GRE"]
[SourceTitle "playchess.com"]
[Source "ChessBase"]
[SourceQuality "1"]
[WhiteTeam "Odlar Yurdu"]
[BlackTeam "Reykjavik"]

1. d4 Nf6 2. c4 e6 3. Nc3 Bb4 4. e3 b6 5. Bd3 Bb7 6. Nge2 Bxg2 7. Rg1 Be4 8. a3 Bxd3 9. Qxd3 Bf8 10. e4 d6 11. f4 Nbd7 12. Be3 e5 13. O-O-O c6 14. fxe5 dxe5 15. d5 Qc8 16. Kb1 g6 17. Rg2 Bg7 18. Ng3 Bf8 19. Rf1 Bc5 20. Bxc5 Nxc5 21. Qd2 Ng8 22. h4 Qc7 23. dxc6 Qxc6 24. Rgf2 f6 25. h5 Nd7 26. Nb5 a6 27. Nd6+ Ke7 28. Rd1 Nf8 29. Rh2 Ra7 30. Qb4 a5 31. Nc8+ 1-0

[Event "34th European Club Cup 2018"]
[Site "Halkidiki"]
[Date "2018.10.14"]
[Round "3"]
[White "Romanov, Evgeny"]
[Black "Laznicka, Viktor"]
[Result "0-1"]
[WhiteElo "2614"]
[BlackElo "2664"]
[Annotator "TA"]
[PlyCount "74"]
[EventDate "2018.10.12"]
[EventType "team-tourn"]
[EventCountry "GRE"]
[SourceTitle "playchess.com"]
[Source "ChessBase"]
[SourceQuality "1"]
[WhiteTeam "Valerenga"]
[BlackTeam "Novy Bor"]

1. d4 d5 2. Bf4 Nf6 3. e3 Bg4 4. f3 Bd7 5. Nc3 e6 6. g4 c5 7. Qd2 a6 8. Nge2 Nc6 9. Ng3 h6 10. h4 Qa5 11. Nce2 Qa4 12. c3 O-O-O 13. Nc1 Nh7 14. Be2 f6 15. Bd1 Qb5 16. a4 Qb6 17. dxc5 Bxc5 18. b4 Be7 19. a5 Qa7 20. Nge2 g5 21. hxg5 Nxg5 22. Ng3 e5 23. Bxg5 hxg5 24. Rxh8 Rxh8 25. Nce2 e4 26. Nd4 Nxd4 27. exd4 Qb8 28. Nf1 Bd6 29. Be2 Bf4 30. Qc2 Qc7 31. fxe4 dxe4 32. b5 Bg3+ 33. Kd1 Qf4 34. bxa6 Rh1 35. Qb2 Rxf1+ 36. Kc2 Rxa1 37. Qxa1 Qf2 0-1

[Event "34th European Club Cup 2018"]
[Site "Halkidiki"]
[Date "2018.10.14"]
[Round "3"]
[White "Postny, Evgeny"]
[Black "Sagit, Rauan"]
[Result "1-0"]
[WhiteElo "2612"]
[BlackElo "2434"]
[Annotator "TA"]
[PlyCount "97"]
[EventDate "2018.10.12"]
[EventType "team-tourn"]
[EventCountry "GRE"]
[SourceTitle "playchess.com"]
[Source "ChessBase"]
[SourceQuality "1"]
[WhiteTeam "Beer Sheva"]
[BlackTeam "Team Viking"]

1. d4 f5 2. g3 Nf6 3. Bg2 g6 4. c4 Bg7 5. Nf3 O-O 6. O-O Nc6 7. Nc3 Ne4 8. Nxe4 fxe4 9. Ng5 Nxd4 10. Nxe4 c6 11. e3 Ne6 12. Qc2 d6 13. Bd2 Qe8 14. Bc3 Qf7 15. f4 Nc5 16. Nxc5 dxc5 17. Bxg7 Qxg7 18. Rad1 Bg4 19. Bf3 Bxf3 20. Rxf3 Rad8 21. Rf2 Rd6 22. Rxd6 exd6 23. Rd2 Qe7 24. Kf2 Rf6 25. Kf3 Re6 26. Qd3 Qg7 27. e4 Qf7 28. g4 g5 29. f5 Rh6 30. Kg2 Qe7 31. h3 Rf6 32. Re2 Rf8 33. h4 gxh4 34. Kh3 Qe5 35. Qe3 Re8 36. Kxh4 d5 37. cxd5 cxd5 38. Qxc5 b6 39. Qc3 d4 40. Qg3 Qe7+ 41. Kh3 Rd8 42. Qh4 Qd7 43. f6 d3 44. f7+ Kxf7 45. Rf2+ Kg8 46. Qg5+ Kh8 47. Qf6+ Kg8 48. Rf5 h6 49. Rd5 1-0

[Event "34th European Club Cup 2018"]
[Site "Halkidiki"]
[Date "2018.10.14"]
[Round "3"]
[White "Donchenko, Alexander"]
[Black "Arnaudov, G. Petar"]
[Result "1/2-1/2"]
[WhiteElo "2610"]
[BlackElo "2452"]
[Annotator "TA"]
[PlyCount "67"]
[EventDate "2018.10.12"]
[EventType "team-tourn"]
[EventCountry "GRE"]
[SourceTitle "playchess.com"]
[Source "ChessBase"]
[SourceQuality "1"]
[WhiteTeam "Aachen"]
[BlackTeam "Asseco SEE"]

1. c4 e6 2. Nc3 c5 3. Nf3 d5 4. cxd5 exd5 5. d4 Nf6 6. Bg5 cxd4 7. Nxd4 Nc6 8. e3 Be7 9. Bb5 Bd7 10. Bxf6 Bxf6 11. Nxd5 Bxd4 12. exd4 Qg5 13. Qe2+ Kd8 14. Bxc6 Bxc6 15. Ne3 Bxg2 16. Rg1 Qa5+ 17. Qd2 Qxd2+ 18. Kxd2 Be4 19. f3 Bxf3 20. Rxg7 Bh5 21. Rg5 Bg6 22. h4 h5 23. Rc1 Rc8 24. Nc4 Ke7 25. Rc3 Rhd8 26. d5 Kf6 27. d6 Bf5 28. Rf3 Rxc4 29. Rgxf5+ Ke6 30. Rf6+ Ke5 31. R3f5+ Ke4 32. Rf4+ Ke5 33. R4f5+ Ke4 34. Rf4+ 1/2-1/2

[Event "34th European Club Cup 2018"]
[Site "Halkidiki"]
[Date "2018.10.14"]
[Round "3"]
[White "Andersen, Mads"]
[Black "Ladva, Ottomar"]
[Result "1/2-1/2"]
[WhiteElo "2597"]
[BlackElo "2500"]
[Annotator "TA"]
[PlyCount "210"]
[EventDate "2018.10.12"]
[EventType "team-tourn"]
[EventCountry "GRE"]
[SourceTitle "playchess.com"]
[Source "ChessBase"]
[SourceQuality "1"]
[WhiteTeam "Solingen"]
[BlackTeam "Reval"]

1. c4 e6 2. g3 d5 3. Bg2 Nf6 4. Nf3 dxc4 5. Qa4+ Bd7 6. Qxc4 c5 7. Ne5 Qc8 8. Qd3 Nc6 9. Nxd7 Nxd7 10. b3 Be7 11. Bb2 O-O 12. Nc3 Rd8 13. Rc1 Nf6 14. Qb1 Qd7 15. d3 Nd4 16. O-O Nd5 17. Rfe1 Nxc3 18. Bxc3 Rac8 19. e3 Nc6 20. Red1 b6 21. Qb2 Bf8 22. Qe2 Qe8 23. h4 g6 24. Qb2 Nb4 25. Bxb4 cxb4 26. d4 Rxc1 27. Rxc1 Rc8 28. Bb7 Rxc1+ 29. Qxc1 Qd7 30. Qc6 Qxc6 31. Bxc6 f5 32. Kf1 Kf7 33. Ke2 Ke7 34. f4 Kd6 35. Bf3 b5 36. Kd3 Be7 37. e4 fxe4+ 38. Bxe4 Bf6 39. Ke3 a5 40. Bd3 Kd5 41. Be4+ Kd6 42. Kd3 Be7 43. Bf3 Bd8 44. Ke4 Bf6 45. Be2 Kc6 46. h5 gxh5 47. Bxh5 Kd7 48. Be2 Kc6 49. Bf3 Kd6 50. g4 h6 51. Be2 Kc6 52. Bd3 a4 53. Be2 axb3 54. axb3 Bd8 55. f5 exf5+ 56. gxf5 Bf6 57. Bh5 Kd6 58. Be8 Ke7 59. Bxb5 h5 60. Kd5 h4 61. Bf1 Kd7 62. Bg2 Kc7 63. Kc5 Be7+ 64. Kb5 Kd7 65. Bf1 Kc7 66. Bh3 Kb7 67. Kc4 Kc6 68. Bg4 Kc7 69. Kd5 Bf6 70. Bh3 Bg7 71. Kc4 Kb6 72. d5 Bc3 73. Bg2 Bd2 74. f6 Kc7 75. f7 Bh6 76. Kxb4 Kd6 77. Kb5 Ke7 78. b4 Kxf7 79. Kc6 Ke7 80. d6+ Kd8 81. b5 Be3 82. Bh3 Bf2 83. Be6 Be3 84. Kb7 Bf4 85. Kc6 Be3 86. b6 Bf2 87. Bh3 Be3 88. Kb5 Bf4 89. d7 Be3 90. Ka6 Bf4 91. Ka7 Be3 92. Bg4 Bf2 93. Kb7 Be3 94. Ka6 Bf4 95. Bh3 Bg3 96. Kb7 Bf2 97. Kc6 Be3 98. Bf5 Bf2 99. Kb7 Be3 100. Ka7 Bf2 101. Ka6 Bg3 102. b7 Bb8 103. Kb6 Ke7 104. Kc6 Kd8 105. Bh3 Ke7 1/2-1/2

[Event "34th European Club Cup 2018"]
[Site "Halkidiki"]
[Date "2018.10.14"]
[Round "3"]
[White "Mastrovasilis, Dimitrios"]
[Black "Ivanisevic, Ivan"]
[Result "0-1"]
[WhiteElo "2595"]
[BlackElo "2583"]
[Annotator "ChessBase"]
[PlyCount "96"]
[EventDate "2018.10.12"]
[EventType "team-tourn"]
[EventCountry "GRE"]
[SourceTitle "playchess.com"]
[Source "ChessBase"]
[SourceQuality "1"]
[WhiteTeam "Thessalonikis"]
[BlackTeam "Sloven Ruma"]

1. e4 c5 2. Nf3 e6 3. d4 cxd4 4. Nxd4 Nf6 5. Nc3 d6 6. g4 h6 7. h4 Be7 8. Qf3 h5 9. gxh5 Nxh5 10. Bg5 Nc6 11. O-O-O Bxg5+ 12. hxg5 Qxg5+ 13. Kb1 Nxd4 14. Rxd4 Bd7 15. Rxd6 Bc6 16. Be2 g6 17. Qd3 Qe5 18. Bxh5 Rxh5 19. Rf1 Ke7 20. Rd4 Rh4 21. a3 Rah8 22. Ka2 g5 23. f3 Rh1 24. Rxh1 Rxh1 25. Rd8 Rh8 26. Rxh8 Qxh8 27. Qe3 Qe5 28. Qxa7 f5 29. Qg1 Kf6 30. Qe3 fxe4 31. fxe4 Kg6 32. Qe2 Qf4 33. Qc4 Bd5 34. Nxd5 exd5 35. Qc8 dxe4 36. c4 Qf7 37. Kb3 Qf3+ 38. Kb4 e3 39. Kc3 Qe4 40. Qg8+ Kf5 41. Qh7+ Kf4 42. Qh2+ Kg4 43. Qg1+ Kh3 44. Qf1+ Qg2 45. Qf5+ Kh2 46. Qe5+ Qg3 47. Qh8+ Kg2 48. Kd3 Kf2 0-1

[Event "34th European Club Cup 2018"]
[Site "Halkidiki"]
[Date "2018.10.14"]
[Round "3"]
[White "Vuckovic, Bojan"]
[Black "Ranaldi, Lucas"]
[Result "1-0"]
[WhiteElo "2588"]
[BlackElo "2335"]
[Annotator "RC"]
[PlyCount "81"]
[EventDate "2018.10.12"]
[EventType "team-tourn"]
[EventCountry "GRE"]
[SourceTitle "playchess.com"]
[Source "ChessBase"]
[SourceQuality "1"]
[WhiteTeam "Itaka"]
[BlackTeam "SK Oslo"]

1. e4 c6 2. d4 d5 3. e5 Bf5 4. Nf3 e6 5. Be2 c5 6. Be3 cxd4 7. Nxd4 Ne7 8. O-O Nbc6 9. Bb5 a6 10. Bxc6+ bxc6 11. c4 Qd7 12. Qe2 Bxb1 13. Raxb1 Ng6 14. Nf3 Be7 15. h4 Bxh4 16. Nxh4 Nxh4 17. Bc5 h5 18. b4 f6 19. Rb3 Kf7 20. Rh3 Ng6 21. f4 h4 22. cxd5 cxd5 23. exf6 gxf6 24. Re3 a5 25. a3 axb4 26. axb4 Rhe8 27. Qg4 f5 28. Qg5 Qd8 29. Qh5 Rh8 30. Qe2 Qd7 31. Bd4 Rh6 32. Rc3 Rb8 33. Rfc1 Rb7 34. Be5 Ne7 35. Rc7 Rxc7 36. Rxc7 Qd8 37. Qa6 Rh7 38. b5 h3 39. Qd6 Qe8 40. b6 hxg2 41. Rxe7+ 1-0

[Event "34th European Club Cup 2018"]
[Site "Halkidiki"]
[Date "2018.10.14"]
[Round "3"]
[White "Agrest, Evgenij"]
[Black "Efimenko, Zahar"]
[Result "1/2-1/2"]
[WhiteElo "2580"]
[BlackElo "2641"]
[Annotator "TA"]
[PlyCount "97"]
[EventDate "2018.10.12"]
[EventType "team-tourn"]
[EventCountry "GRE"]
[SourceTitle "playchess.com"]
[Source "ChessBase"]
[SourceQuality "1"]
[WhiteTeam "Team Viking"]
[BlackTeam "Beer Sheva"]

1. d4 Nf6 2. Bf4 g6 3. e3 Bg7 4. Nf3 O-O 5. Be2 c5 6. O-O d5 7. c3 Nc6 8. Ne5 Bf5 9. Qb3 Nd7 10. Nxd7 Qxd7 11. dxc5 e5 12. Bg3 d4 13. exd4 exd4 14. Bb5 a6 15. Ba4 Rac8 16. Na3 dxc3 17. bxc3 Qe6 18. Rad1 Ne5 19. Qxe6 Bxe6 20. Bb3 Rxc5 21. Bxe6 fxe6 22. Nb1 Rd5 23. Rxd5 exd5 24. Rd1 Rd8 25. f3 Kf7 26. Bf2 Nc6 27. Kf1 b5 28. Be1 Ke6 29. Na3 d4 30. cxd4 Rxd4 31. Rc1 Ne5 32. Rc7 Rd7 33. Rxd7 Nxd7 34. Ke2 Nb8 35. Nc2 Nc6 36. Kd3 Kd5 37. f4 Bf8 38. Ne3+ Kc5 39. Nc2 b4 40. g4 a5 41. Bf2+ Kb5 42. Nd4+ Nxd4 43. Bxd4 Bd6 44. Ke4 a4 45. h3 b3 46. axb3 axb3 47. f5 gxf5+ 48. gxf5 Kc6 49. Bb2 1/2-1/2

[Event "34th European Club Cup 2018"]
[Site "Halkidiki"]
[Date "2018.10.14"]
[Round "3"]
[White "Sokolov, Ivan"]
[Black "Vitiugov, Nikita"]
[Result "0-1"]
[WhiteElo "2573"]
[BlackElo "2709"]
[Annotator "TA"]
[PlyCount "73"]
[EventDate "2018.10.12"]
[EventType "team-tourn"]
[EventCountry "GRE"]
[SourceTitle "playchess.com"]
[Source "ChessBase"]
[SourceQuality "1"]
[WhiteTeam "KGSRL"]
[BlackTeam "St.Petersburg"]

1. d4 Nf6 2. c4 e6 3. Nf3 d5 4. Nc3 dxc4 5. e3 a6 6. a4 b6 7. Bxc4 Bb7 8. O-O Bb4 9. Ne5 O-O 10. Bd2 Nbd7 11. f4 c5 12. Qe2 cxd4 13. exd4 Nxe5 14. dxe5 Ng4 15. h3 Bc5+ 16. Kh1 Nh6 17. Bd3 Qh4 18. Be4 Nf5 19. Be1 Qe7 20. Bxf5 exf5 21. Bf2 Rad8 22. Rad1 Bxf2 23. Qxf2 Qb4 24. Kh2 h6 25. Rfe1 Rfe8 26. h4 Bc6 27. e6 Rxd1 28. exf7+ Kxf7 29. Rxd1 Re6 30. h5 Kg8 31. Rd4 Qe7 32. b4 Qf7 33. Qh4 Re3 34. b5 axb5 35. axb5 Bxg2 36. Qd8+ Kh7 37. Nd1 0-1

[Event "34th European Club Cup 2018"]
[Site "Halkidiki"]
[Date "2018.10.14"]
[Round "3"]
[White "Huzman, Alexander"]
[Black "Cramling, Dan"]
[Result "1-0"]
[WhiteElo "2571"]
[BlackElo "2358"]
[Annotator "ChessBase"]
[PlyCount "61"]
[EventDate "2018.10.12"]
[EventType "team-tourn"]
[EventCountry "GRE"]
[SourceTitle "playchess.com"]
[Source "ChessBase"]
[SourceQuality "1"]
[WhiteTeam "Beer Sheva"]
[BlackTeam "Team Viking"]

1. Nf3 c5 2. c4 g6 3. d4 Bg7 4. e4 Qb6 5. dxc5 Qxc5 6. Be2 d6 7. O-O Bg4 8. Be3 Qc7 9. Qd2 Nf6 10. Nc3 Nbd7 11. Rac1 O-O 12. b3 Nc5 13. Qc2 Rfc8 14. h3 Bd7 15. Nd4 a6 16. b4 e5 17. Nf3 Ne6 18. Rfd1 Nf4 19. Bxf4 exf4 20. Qd2 a5 21. b5 Nh5 22. c5 Bxc3 23. Rxc3 Be6 24. c6 a4 25. Nd4 Ng7 26. a3 g5 27. Qb2 bxc6 28. Rxc6 Qa5 29. Rxc8+ Bxc8 30. Nc6 Qb6 31. Rxd6 1-0

[Event "34th European Club Cup 2018"]
[Site "Halkidiki"]
[Date "2018.10.14"]
[Round "3"]
[White "Naumann, Alexander"]
[Black "Valner, Uku"]
[Result "0-1"]
[WhiteElo "2546"]
[BlackElo "2236"]
[Annotator "TA"]
[PlyCount "124"]
[EventDate "2018.10.12"]
[EventType "team-tourn"]
[EventCountry "GRE"]
[SourceTitle "playchess.com"]
[Source "ChessBase"]
[SourceQuality "1"]
[WhiteTeam "Solingen"]
[BlackTeam "Reval"]

1. e4 e6 2. d4 d5 3. Nd2 Be7 4. Ngf3 Nf6 5. e5 Nfd7 6. Bd3 c5 7. c3 b6 8. O-O Ba6 9. Ne1 O-O 10. Qg4 Qe8 11. Ndf3 f5 12. exf6 Rxf6 13. Bxa6 Nxa6 14. Nd3 cxd4 15. cxd4 Nb4 16. Nxb4 Bxb4 17. a3 Bd6 18. Re1 Rc8 19. Bd2 Rc4 20. b3 Rc6 21. Re2 h6 22. a4 Qf7 23. Rae1 Rf5 24. Nh4 Rf6 25. g3 Nf8 26. Ng2 a5 27. Bf4 Bb4 28. Rf1 Ng6 29. h4 Rf5 30. Be3 h5 31. Qh3 Rc3 32. Rb1 Bd6 33. Ne1 Bc7 34. Qg2 Qd7 35. Rc2 Rxc2 36. Nxc2 b5 37. axb5 Qxb5 38. Qf1 Qb8 39. Qg2 Ne7 40. b4 axb4 41. Rxb4 Qc8 42. Ra4 Bd6 43. Ne1 Rf8 44. g4 hxg4 45. Qxg4 Nf5 46. Bf4 Bxf4 47. Qxf4 Qc6 48. Ra3 Qb6 49. Rd3 Nd6 50. Qe3 Ne4 51. f3 Ng3 52. Qe5 Nf5 53. Ng2 Qb1+ 54. Ne1 Rf6 55. h5 Qc1 56. Kf2 Qg5 57. Ng2 Qxh5 58. Ra3 Qh6 59. Ra8+ Kh7 60. Ra2 Rg6 61. Qe1 Qh3 62. Qg1 Nh4 0-1

[Event "34th European Club Cup 2018"]
[Site "Halkidiki"]
[Date "2018.10.14"]
[Round "3"]
[White "Georgiadis, Nico"]
[Black "Milosevic, Milos"]
[Result "1-0"]
[WhiteElo "2526"]
[BlackElo "2306"]
[Annotator "RC"]
[PlyCount "55"]
[EventDate "2018.10.12"]
[EventType "team-tourn"]
[EventCountry "GRE"]
[SourceTitle "playchess.com"]
[Source "ChessBase"]
[SourceQuality "1"]
[WhiteTeam "Winterthur"]
[BlackTeam "Partizan"]

1. d4 f5 2. g3 Nf6 3. Bg2 g6 4. c4 Bg7 5. Nf3 O-O 6. O-O d6 7. Nc3 Qe8 8. b3 e5 9. dxe5 dxe5 10. e4 f4 11. gxf4 Nc6 12. Nd5 Rf7 13. Ng5 Rd7 14. fxe5 Nxe5 15. f4 h6 16. fxe5 Nxd5 17. e6 Nc3 18. exd7 Bxd7 19. Qf3 hxg5 20. Bb2 g4 21. Qd3 Qe5 22. Bxc3 Qxc3 23. Qxd7 Qe3+ 24. Kh1 Bxa1 25. Qf7+ Kh8 26. Rxa1 Qg5 27. Rf1 Rd8 28. Qxc7 1-0

[Event "34th European Club Cup 2018"]
[Site "Halkidiki"]
[Date "2018.10.14"]
[Round "3"]
[White "Babula, Vlastimil"]
[Black "Yu, Yangyi"]
[Result "1/2-1/2"]
[WhiteElo "2522"]
[BlackElo "2765"]
[Annotator "TA"]
[PlyCount "94"]
[EventDate "2018.10.12"]
[EventType "team-tourn"]
[EventCountry "GRE"]
[SourceTitle "playchess.com"]
[Source "ChessBase"]
[SourceQuality "1"]
[WhiteTeam "Bremen"]
[BlackTeam "Alkaloid"]

1. d4 Nf6 2. c4 e6 3. Nc3 Bb4 4. e3 c5 5. Nge2 cxd4 6. exd4 O-O 7. a3 Be7 8. Nf4 d5 9. cxd5 Nxd5 10. Ncxd5 exd5 11. Bd3 Nc6 12. O-O Bf6 13. Be3 g6 14. Rc1 Qd6 15. Rc5 Be6 16. Nxe6 Qxe6 17. Bb5 Rac8 18. Re1 Rfe8 19. Bd2 Qd7 20. Rxe8+ Qxe8 21. Be3 Qe6 22. h3 Ne7 23. Rxc8+ Qxc8 24. g4 Qc7 25. Ba4 Qb6 26. Bb3 a5 27. Qd3 h6 28. a4 Bg5 29. f4 Bf6 30. Kg2 g5 31. f5 Kg7 32. Qb5 Qc7 33. Qd3 Nc6 34. Qc3 Qd8 35. Bf2 Nb4 36. Bd1 Qe8 37. Qe3 Qe4+ 38. Qxe4 dxe4 39. Bb3 Nd3 40. Bc2 Nxb2 41. Bxe4 Nxa4 42. Bxb7 Nb2 43. Kf3 Nd3 44. Bc6 Nxf2 45. Kxf2 Bxd4+ 46. Kf3 Kf6 47. Ke4 Bb6 1/2-1/2

[Event "34th European Club Cup 2018"]
[Site "Halkidiki"]
[Date "2018.10.14"]
[Round "3"]
[White "Rozentalis, Eduardas"]
[Black "Rodshtein, Maxim"]
[Result "1/2-1/2"]
[WhiteElo "2522"]
[BlackElo "2674"]
[Annotator "TA"]
[PlyCount "66"]
[EventDate "2018.10.12"]
[EventType "team-tourn"]
[EventCountry "GRE"]
[SourceTitle "playchess.com"]
[Source "ChessBase"]
[SourceQuality "1"]
[WhiteTeam "KGSRL"]
[BlackTeam "St.Petersburg"]

1. e4 c6 2. d4 d5 3. Nc3 dxe4 4. Nxe4 Bf5 5. Nc5 Nd7 6. Bd3 Bxd3 7. Nxd3 e6 8. Nf3 Bd6 9. O-O Ne7 10. Bf4 Bxf4 11. Nxf4 Qc7 12. Nd3 O-O 13. Qe2 h6 14. c3 Rad8 15. Rfd1 Nd5 16. Nfe5 Nxe5 17. Qxe5 Rd6 18. Nc5 Rfd8 19. Ne4 R6d7 20. Qxc7 Rxc7 21. g3 Kf8 22. Rd3 Ke7 23. Rad1 g5 24. Kf1 b6 25. Nd2 Rcd7 26. Nc4 f6 27. Ke2 Kf7 28. Ne3 b5 29. Nxd5 cxd5 30. Re3 Rb7 31. a3 Rg8 32. Kd3 Rb6 33. Rf1 a5 1/2-1/2

[Event "34th European Club Cup 2018"]
[Site "Halkidiki"]
[Date "2018.10.14"]
[Round "3"]
[White "Pruijssers, Roeland"]
[Black "Vedder, Richard"]
[Result "1/2-1/2"]
[WhiteElo "2501"]
[BlackElo "2288"]
[Annotator "TA"]
[PlyCount "61"]
[EventDate "2018.10.12"]
[EventType "team-tourn"]
[EventCountry "GRE"]
[SourceTitle "playchess.com"]
[Source "ChessBase"]
[SourceQuality "1"]
[WhiteTeam "Echiquier Amaytois"]
[BlackTeam "En Passant"]

1. e4 e5 2. Nf3 Nc6 3. Bb5 a6 4. Ba4 Nf6 5. O-O Nxe4 6. d4 b5 7. Bb3 d5 8. dxe5 Be6 9. Nbd2 Nc5 10. c3 Be7 11. a4 bxa4 12. Bxa4 Nxa4 13. Qxa4 Qd7 14. b4 O-O 15. Nb3 Bg4 16. Nbd4 Nxd4 17. Nxd4 c5 18. bxc5 Bxc5 19. Qxd7 Bxd7 20. Ba3 Rfc8 21. Bxc5 Rxc5 22. Ra3 a5 23. Rb1 Rac8 24. h3 a4 25. Rb7 R5c7 26. Rxc7 Rxc7 27. f4 g6 28. Kf2 h5 29. Ke3 Kf8 30. Kd2 Ke7 31. Ra2 1/2-1/2

[Event "34th European Club Cup 2018"]
[Site "Halkidiki"]
[Date "2018.10.14"]
[Round "3"]
[White "Speelman, Jon S"]
[Black "Admiraal, Miguoel"]
[Result "1-0"]
[WhiteElo "2496"]
[BlackElo "2491"]
[Annotator "TA"]
[PlyCount "105"]
[EventDate "2018.10.12"]
[EventType "team-tourn"]
[EventCountry "GRE"]
[SourceTitle "playchess.com"]
[Source "ChessBase"]
[SourceQuality "1"]
[WhiteTeam "Wood Green"]
[BlackTeam "Deloitte"]

1. d4 d5 2. c4 c6 3. cxd5 cxd5 4. Bf4 Nc6 5. e3 Nf6 6. Nc3 Bg4 7. f3 Bd7 8. Bd3 e6 9. Bg3 Be7 10. Nge2 O-O 11. O-O Rc8 12. h3 Be8 13. a3 Nh5 14. Bf2 f5 15. b4 Bd6 16. Rc1 Nf6 17. Na4 b6 18. Ba6 Rc7 19. Nac3 Rcf7 20. Bb5 Ne7 21. Qa4 Bxb5 22. Nxb5 Qd7 23. Qa6 Bb8 24. Rc2 Rc8 25. Rxc8+ Qxc8 26. Qxc8+ Nxc8 27. Rc1 Nd6 28. Nxd6 Bxd6 29. Rc6 Rd7 30. Bg3 Bxg3 31. Nxg3 Kf7 32. Ne2 Ne8 33. Nf4 Rd6 34. Rc8 Ke7 35. h4 Rd7 36. Kf2 Rc7 37. Ra8 Nd6 38. Rh8 Rc2+ 39. Kg3 Rc3 40. Rxh7 Ne8 41. h5 Kf7 42. Rh8 Nf6 43. Kh4 Rxe3 44. Ng6 Ng8 45. Ne5+ Kf8 46. Kg5 Re2 47. Kg6 Rxe5 48. dxe5 d4 49. Kh7 d3 50. Rxg8+ Ke7 51. Rxg7+ Ke8 52. h6 d2 53. Kg8 1-0

[Event "34th European Club Cup 2018"]
[Site "Halkidiki"]
[Date "2018.10.14"]
[Round "3"]
[White "Greenfeld, Alon"]
[Black "Grandell, Anders"]
[Result "1/2-1/2"]
[WhiteElo "2495"]
[BlackElo "2268"]
[Annotator "TA"]
[PlyCount "103"]
[EventDate "2018.10.12"]
[EventType "team-tourn"]
[EventCountry "GRE"]
[SourceTitle "playchess.com"]
[Source "ChessBase"]
[SourceQuality "1"]
[WhiteTeam "Beer Sheva"]
[BlackTeam "Team Viking"]

1. d4 f5 2. g3 Nf6 3. Bg2 g6 4. Nh3 Bg7 5. Nf4 Nc6 6. d5 Ne5 7. Nc3 c6 8. e4 fxe4 9. Nxe4 Nxe4 10. Bxe4 O-O 11. O-O a5 12. a4 Qe8 13. Ra3 d6 14. Rb3 Ra7 15. h4 c5 16. Ra3 Bg4 17. f3 Bd7 18. Kg2 Ra6 19. Ne6 Bxe6 20. dxe6 Rb6 21. Qe2 Rb4 22. c3 Rxa4 23. Rb3 Rxe4 24. Qxe4 b5 25. Ra3 Nc4 26. Ra2 a4 27. Bg5 Bf6 28. Bxf6 d5 29. Qe2 Rxf6 30. Raa1 Qc6 31. Rfe1 Kg7 32. Rad1 Rf5 33. Qf2 Ne5 34. f4 Ng4 35. Qf3 h5 36. Re2 Qd6 37. Qd3 Qc6 38. Qf3 Qd6 39. Qd3 Qb6 40. Qf3 Qc6 41. Kg1 Kh6 42. Kg2 c4 43. Kh3 Nf6 44. Qf2 Ne4 45. Qd4 Kh7 46. Rxe4 dxe4 47. Qd7 Qc5 48. Qd8 Rxf4 49. Rd5 Rf8 50. Qxf8 Qxd5 51. Qxe7+ Kh6 52. Qf8+ 1/2-1/2

[Event "34th European Club Cup 2018"]
[Site "Halkidiki"]
[Date "2018.10.14"]
[Round "3"]
[White "Ivic, Velimir"]
[Black "Hansen, Torbjorn Ringdal"]
[Result "1-0"]
[WhiteElo "2487"]
[BlackElo "2423"]
[Annotator "TA"]
[PlyCount "121"]
[EventDate "2018.10.12"]
[EventType "team-tourn"]
[EventCountry "GRE"]
[SourceTitle "playchess.com"]
[Source "ChessBase"]
[SourceQuality "1"]
[WhiteTeam "Itaka"]
[BlackTeam "SK Oslo"]

1. e4 c6 2. d4 d5 3. Nd2 dxe4 4. Nxe4 Nf6 5. Nxf6+ exf6 6. c3 Bd6 7. Bd3 O-O 8. Ne2 Re8 9. Qc2 h5 10. Be3 Nd7 11. O-O-O b5 12. d5 c5 13. Bxb5 Rb8 14. c4 a6 15. Ba4 Re5 16. Nc3 Nb6 17. Bb3 Bf5 18. Qd2 a5 19. a3 Nxd5 20. Nxd5 Rxb3 21. Nc3 Rb6 22. Nb5 Re6 23. Qxa5 Qb8 24. Rxd6 Rbxd6 25. Nxd6 Qxd6 26. Qa8+ Kh7 27. Qd5 Qxd5 28. cxd5 Rd6 29. Rd1 c4 30. Bc5 Rd7 31. d6 Kg6 32. Rd4 Bd3 33. a4 Bf1 34. g3 Kf5 35. a5 Ke6 36. a6 c3 37. a7 cxb2+ 38. Kxb2 Bg2 39. Rb4 Rb7 40. Kc3 Rxb4 41. Bxb4 Bf3 42. Kd4 Kd7 43. Ke3 Bb7 44. Kf4 Ke6 45. f3 g5+ 46. Ke3 f5 47. h3 Ba8 48. f4 f6 49. Kd4 Bf3 50. Kc5 Bg2 51. Bc3 gxf4 52. gxf4 Be4 53. Bxf6 Ba8 54. Bc3 Bg2 55. Bb4 Ba8 56. Kd4 Bb7 57. Ke3 Ba8 58. Kf2 Bb7 59. Kg3 Ba8 60. Kh4 Bf3 61. Kg5 1-0

[Event "34th European Club Cup 2018"]
[Site "Halkidiki"]
[Date "2018.10.14"]
[Round "3"]
[White "Petursson, Margeir"]
[Black "Guseinov, Gadir"]
[Result "0-1"]
[WhiteElo "2486"]
[BlackElo "2667"]
[Annotator "TA"]
[PlyCount "72"]
[EventDate "2018.10.12"]
[EventType "team-tourn"]
[EventCountry "GRE"]
[SourceTitle "playchess.com"]
[Source "ChessBase"]
[SourceQuality "1"]
[WhiteTeam "Reykjavik"]
[BlackTeam "Odlar Yurdu"]

1. d4 Nf6 2. c4 g6 3. Nc3 Bg7 4. e4 d6 5. Be2 O-O 6. Bg5 Na6 7. Nf3 h6 8. Bf4 e5 9. dxe5 Nh5 10. Be3 dxe5 11. Qc1 Kh7 12. O-O c6 13. Rd1 Qe7 14. Ne1 Nf4 15. Bxf4 exf4 16. Qxf4 Nc5 17. Nf3 f5 18. Qe3 fxe4 19. Nd2 Bf5 20. g4 Be6 21. Ndxe4 Nxe4 22. Nxe4 b6 23. Rd6 Rae8 24. Rxc6 Bxg4 25. Bxg4 Qxe4 26. Qxe4 Rxe4 27. f3 Re2 28. Be6 h5 29. Bd5 Rf5 30. Rd1 Rg5+ 31. Kf1 Rxh2 32. Rd3 Rxb2 33. Be4 Rgg2 34. Rc7 Kh6 35. c5 Be5 36. cxb6 Bh2 0-1